Geography Quiz

Random Geography or City Quiz
Score 0/18 Timer 06:00
1 Play Today
Rank City % Correct
4Paris, France
97.9%
11Berlin, Germany
93.4%
14Rome, Italy
92.5%
21Lisbon, Portugal
76.9%
13Athens, Greece
75.1%
26Munich, Germany
69.7%
7Milan, Italy
67.7%
15Kyiv, Ukraine
66%
2Istanbul, Turkey
65.2%
Rank City % Correct
22Budapest, Hungary
59.9%
20Hamburg, Germany
52.8%
35Bucharest, Romania
50.2%
12Naples, Italy
48.4%
42Lyon, France
45.7%
33Minsk, Belarus
44.9%
38Turin, Italy
39%
46Donetsk, Ukraine
8.5%
23Katowice, Poland
8%

You're not logged in!

Compare scores with friends on all Sporcle quizzes.
OR
Log In

Sporcle TV

Today on Sporcle TV


Watch our educational content, quiz creation guides, and fun videos on Sporcle TV.

Show Comments

Extras

Top Quizzes Today


Score Distribution

Paid Content

Your Account Isn't Verified!

In order to create a playlist on Sporcle, you need to verify the email address you used during registration. Go to your Sporcle Settings to finish the process.

Report this User

Report this user for behavior that violates our Community Guidelines.

Details: